| 000 | 01323cam a2200397 4500 | ||
|---|---|---|---|
| 999 |
_c23312 _d23312 |
||
| 001 | vtls011971265 | ||
| 005 | 20220928133242.0 | ||
| 008 | 200603s2020 xo gr 010 f slo | ||
| 020 |
_a9788089822454 _q(brožované) |
||
| 040 |
_aTVZK _bslo _cTVZK _dSNK _erda |
||
| 041 | 1 |
_aslo _heng |
|
| 044 |
_axo _cSK |
||
| 072 | 7 |
_a821.111(73)-3 _xAmerická próza _2konspekt |
|
| 080 |
_a821.111(73)-31 _22011 |
||
| 080 |
_a(0:82-311.6) _22011 |
||
| 080 |
_a(0:82-312.5) _22011 |
||
| 100 | 1 |
_aWhite, Roseanna M., _d1982- _4aut _93311 |
|
| 240 | 1 | 2 |
_aA song Unheard _lSlovensky |
| 245 | 1 | 0 |
_aPieseň bez nôt _cRosenna M.White ; preklad z anglického originálu A song Unheard: Jana Hlatká |
| 250 | _aPrvé vydanie | ||
| 264 | 1 |
_a[Jezersko] _bi527.net _c2020 |
|
| 300 |
_a372 strán _c21 cm |
||
| 336 |
_atext _btxt _2rdacontent |
||
| 337 |
_abez média _bn _2rdamedia |
||
| 338 |
_azväzok _bnc _2rdacarrier |
||
| 500 | _aMiesto vydania podľa NA ISBN | ||
| 655 | 7 |
_aamerické romány _2SNKPH _92 |
|
| 655 | 7 |
_ahistorické romány _2SNKPH _91688 |
|
| 655 | 7 |
_aľúbostné romány _2SNKPH _913 |
|
| 655 | 7 |
_aAmerican novels _2SNKPHeng _91670 |
|
| 655 | 7 |
_aHistorical novels _2SNKPHeng _91689 |
|
| 655 | 7 |
_aLove novels _2SNKPHeng _91667 |
|
| 700 | 1 |
_aHlatká, Jana _c(prekladateľka) _4trl _93313 |
|
| 958 | _aLX | ||
| 958 | _aUP | ||